000 00364nam a2200157Ia 4500
008 210210b1922 xxu||||| |||| 00| 0 eng d
041 _aeng
082 _a828/162
100 _aCOLLINGWOOD (W)
245 _aJohn Ruskin
260 _aLondon
_bMethuen and Company Limited
_c1922
650 _aRuskin
650 _aJohn
690 _aBiography
906 _a016007
999 _c135397
_d135397